000 00587nam a2200205Ia 4500
003 GCL
008 140319s9999 xx 000 0 ara d
040 _aGCL /
_cGCL
082 0 4 _a581
_bج ح
100 1 _aجماعة من علماء النبات
245 1 0 _aحياة النبات /
_cجماعة من علماء النبات
700 1 _aمحمد عبدالفتاح القصاص
300 _a329
490 _aالالف كتاب
_v0
650 0 4 _aالمناخ
650 0 4 _aالوراثة ، علم
650 0 4 _aالنباتات
650 0 4 _aالنمو
942 _2ddc
_cBK
999 _c46019
_d46019